Регионална библиотека "Любен Каравелов" - Русе

The college writer's reader (Запис номер 39001)

MARC детайли
000 -Лидер
Контролно поле с фиксирана дължина 01009nam a2200277 c 4500
003 - Код на организацията, давaща контролен номер
Контролно поле BLK
005 - Дата и час на последна редакция
Контролно поле 20240329140930.0
008 - Елементи от данни с фиксирана дължина
fixed length control field 180408b bul|||||r ||||||| ||bul||
010 ## - Наследен системен номер
LC control number KNG00042282000
020 ## - Международен стандартен номер на книга ISBN
Международен стандартен номер на книга ISBN 0-07-067434-5
-- издат.: McGraw-Hill
040 ## - Източник на каталожния запис
Идентификатор на билиотеката - собственик на записа BLK
041 ## - Код за език
Код за езика на текст/звукозапис или на отделно заглавие
Код за езика КДБФ Английски
080 ## - УДК
Текстов определител УДК Английски език
УДК код - определител по УДК 811.111
УДК определител (075.3)
УДК - код + определител 811.111(075.3)
080 ## - УДК
Текстов определител УДК Литературна дейност. Редактиране. Култура на речта. Стилистика. Литературна техника
УДК код - определител по УДК 808
УДК определител (075.3)
УДК - код + определител 808(075.3)
100 1# - Редна дума - Автор
Автор Vesterman, William
Авторска отговорност първи автор
R(LIN) 27290
139 ## - Редно поле
Редна дума VESTERMAN, William
Авторски знак
245 10 - Сведения за заглавието
Заглавие The college writer's reader
Подзаглавни данни Essays on student issues
Редно поле (дума) William Vesterman.
260 ## - Област на издателските данни
-- New York et al.
Име на издателя, разпространителя и проч. McGraw-Hill
Година на издаване 1989
300 ## - Физическа характеристика
Страници 542 c
Размери/Мащаб 23 cm
852 ## - Местоположение
Форматна сигнатура Цб 176584
856 4# - Електронен адрес и достъп
Електронен формат pdf - файл
Път до файла /url/
856 4# - Електронен адрес и достъп
Електронен формат pdf - файл
Път до файла /url/
942 ## - АРТИКУЛИ
Вид на библиотечния материал Книги
Скрит в OPAC Не
Koha issues (borrowed), all copies 1
944 ## - СЪЗДАВАНЕ И РЕДАКЦИЯ на ЗАПИСА
Създаване/Редакция Създаване
Дата на регистрацията/редакция 15.01.2003
Служител, извършил регистрацията/редакцията 30556
Статус, дата на статуса Теодора Пейчева-Дянкова
944 ## - СЪЗДАВАНЕ И РЕДАКЦИЯ на ЗАПИСА
Създаване/Редакция Редакция
Дата на регистрацията/редакция 15.01.2003
Служител, извършил регистрацията/редакцията
999 ## - СИСТЕМНИ КОНТРОЛНИ НОМЕРА
Koha biblionumber 39001
Koha biblioitemnumber 39001
Наличности
Код за отписване Код за изгубен артикул Код за повреда Коз за рестрикции Код за отдаване Артикулен № Име на библиотеката - собственик Име на библиотеката, в която се намира в момента Статус (Текущо местоположение) Дата на вписване в системата Местоположение - отдел Цена в лева Инвентарен номер Систематично азбучна сигнатура Баркод Номер на екземпляра Цена в евро Служебна бележка Служебен тип на артикула
  Не е изгубен Не е повреден без рестрикции заемане за дома 61095 Регионална библиотека "Любен Каравелов" Русе Регионална библиотека "Любен Каравелов" Русе ЧЧЗО - англ. ез. - Британски съвет 2001-01-01 ЧЧЗО - англ. ез. - Британски съвет 0.00 593612 Ч3 802.0/V53W 593612 1 0.00 Дата инв: 18.03.2015 Бележки инв: Ч32015 Книги
Vip Innovations Ltd, Rousse, Bulgaria 2025